000 00819nam a22002297a 4500
005 20110816152330.0
008 110816t xxu||||| |||| 00| 0 eng d
010 _aENG-103316
020 _a9788172089245
_c65.00
035 _aEN-86849
037 _bDBAD/PUB
040 _aDPL
_bEnglish
082 _a230.35
100 _932824
_aKamaraju, Anil Kumar
245 _aDivine daffodils /
_cby Anil Kumar Kamaraju
260 _aPrasanthi Nilayam
_bSri Sathya Sai Sadhana Trust
_c2011
270 _aSri Sathya Sai Sadhana Trust
_bPrasanthi Nilayam
_e515134
300 _aviii,331p.
_c22cm (pbk)
700 _932825
942 _2ddc
_cEN
_h230.35
_mKAM
999 _c55449
_d55449